[Event "7th Washington Open 2018"]
[Site "Rockville"]
[Date "2018.08.12"]
[Round "4.6"]
[White "Henderson de la Fuente, Lance"]
[Black "Stukopin, Andrey"]
[Result "0-1"]
[WhiteElo "2485"]
[BlackElo "2598"]
[Annotator "RC"]
[PlyCount "112"]
[EventDate "2018.08.11"]
[EventType "swiss"]
[EventCountry "USA"]
[SourceTitle "playchess.com"]
[Source "ChessBase"]
[SourceQuality "1"]
[TimeControl "40/5400+30:1200+30"]

1. e4 {[%emt 0:00:00]} c5 {[%emt 0:05:29]} 2. Nf3 {[%emt 0:00:00]} e6 {[%emt 0:00:07]} 3. d4 {[%emt 0:00:08]} cxd4 {[%emt 0:00:05]} 4. Nxd4 {[%emt 0:00:05]} Nc6 {[%emt 0:00:04]} 5. Nc3 {[%emt 0:00:12]} Qc7 {[%emt 0:00:05]} 6. g3 {[%emt 0:02:15]} a6 {[%emt 0:00:22]} 7. Bg2 {[%emt 0:00:09]} d6 {[%emt 0:00:33]} 8. Nxc6 {[%emt 0:02:17]} bxc6 {[%emt 0:00:26]} 9. O-O {[%emt 0:00:28]} Nf6 {[%emt 0:01:18]} 10. Re1 {[%emt 0:02:47]} e5 {[%emt 0:06:26]} 11. Na4 {[%emt 0:01:15]} Be7 {[%emt 0:07:29]} 12. c4 {[%emt 0:00:17]} O-O {[%emt 0:00:06]} 13. b3 {[%emt 0:00:59]} Bg4 {[%emt 0:04:16]} 14. Qc2 {[%emt 0:00:59]} Nd7 {[%emt 0:06:42]} 15. Be3 {[%emt 0:11:22]} a5 {[%emt 0:31:18]} 16. c5 {[%emt 0:08:59]} Nxc5 {[%emt 0:02:51]} 17. Nxc5 {[%emt 0:00:53]} dxc5 {[%emt 0:00:06]} 18. Bxc5 {[%emt 0:00:05]} Bxc5 {[%emt 0:07:01]} 19. Qxc5 {[%emt 0:00:02]} Rfd8 {[%emt 0:00:06]} 20. Rec1 {[%emt 0:02:24]} Rd2 {[%emt 0:00:37]} 21. Bf1 {[%emt 0:01:51]} Rad8 {[%emt 0:11:17]} 22. h3 {[%emt 0:03:55]} Be6 {[%emt 0:02:41]} 23. Qxc6 {[%emt 0:05:33]} Qxc6 {[%emt 0:00:08]} 24. Rxc6 {[%emt 0:00:02]} g6 {[%emt 0:03:24]} 25. Ra6 {[%emt 0:02:16]} Rc2 {[%emt 0:00:46]} 26. Rxa5 {[%emt 0:01:22]} Rdd2 {[%emt 0:00:06]} 27. Ra8+ {[%emt 0:08:20]} Kg7 {[%emt 0:00:05]} 28. a4 {[%emt 0:00:10]} Rxf2 {[%emt 0:02:52]} 29. a5 {[%emt 0:00:16]} Rf3 {[%emt 0:00:57]} 30. g4 {[%emt 0:03:24]} Rxb3 {[%emt 0:02:21]} 31. a6 {[%emt 0:00:49]} Bd7 {[%emt 0:00:52]} 32. Rd8 {[%emt 0:10:33]} Rg3+ {[%emt 0:02:58]} 33. Kh1 {[%emt 0:00:05]} Bc6 {[%emt 0:00:09]} 34. Re1 {[%emt 0:00:36]} f5 {[%emt 0:01:03]} 35. gxf5 {[%emt 0:02:53]} gxf5 {[%emt 0:00:04]} 36. Rd3 {[%emt 0:03:24]} Rxd3 {[%emt 0:01:43]} 37. Bxd3 {[%emt 0:00:02]} Rc3 {[%emt 0:00:39]} 38. Bb1 {[%emt 0:04:50]} Ra3 {[%emt 0:00:28]} 39. Kh2 {[%emt 0:03:38]} f4 {[%emt 0:00:07]} 40. Rd1 {[%emt 0:00:47]} Rxa6 {[%emt 0:00:38]} 41. Rd6 {[%emt 0:20:31]} Bb5 {[%emt 0:03:58]} 42. Rd5 {[%emt 0:00:00]} Rb6 {[%emt 0:04:21]} 43. Rxe5 {[%emt 0:00:00]} Bc4 {[%emt 0:03:59]} 44. Bc2 {[%emt 0:00:00]} Rb2 {[%emt 0:00:05]} 45. Rg5+ {[%emt 0:00:00]} Kh6 {[%emt 0:04:25]} 46. Rg2 {[%emt 0:00:00]} f3 {[%emt 0:01:08]} 47. Rf2 {[%emt 0:00:00]} Bb3 {[%emt 0:01:28]} 48. Bxb3 {[%emt 0:00:00]} Rxf2+ {[%emt 0:00:04]} 49. Kg3 {[%emt 0:00:00]} Rb2 {[%emt 0:00:13]} 50. Bc4 {[%emt 0:00:00]} f2 {[%emt 0:00:38]} 51. Kg2 {[%emt 0:02:36]} Kg5 {[%emt 0:00:43]} 52. e5 {[%emt 0:00:08]} Kf4 {[%emt 0:01:15]} 53. e6 {[%emt 0:00:20]} Ke3 {[%emt 0:00:22]} 54. e7 {[%emt 0:06:08]} Rb8 {[%emt 0:00:04]} 55. Bb5 {[%emt 0:00:35]} Rg8+ {[%emt 0:00:05]} 56. Kh2 {[%emt 0:00:06]} Kd2 {[%emt 0:00:20]} 0-1

[Event "7th Washington Open 2018"]
[Site "Rockville"]
[Date "2018.08.12"]
[Round "4.7"]
[White "Dragun, Kamil"]
[Black "Wang, Kevin"]
[Result "1/2-1/2"]
[WhiteElo "2594"]
[BlackElo "2414"]
[Annotator "RC"]
[PlyCount "100"]
[EventDate "2018.08.11"]
[EventType "swiss"]
[EventCountry "USA"]
[SourceTitle "playchess.com"]
[Source "ChessBase"]
[SourceQuality "1"]
[TimeControl "40/5400+30:1200+30"]

1. c4 {[%emt 0:04:42]} e6 {[%emt 0:00:00]} 2. g3 {[%emt 0:01:00]} d5 {[%emt 0:00:12]} 3. Bg2 {[%emt 0:00:16]} Nf6 {[%emt 0:00:43]} 4. Nf3 {[%emt 0:00:11]} dxc4 {[%emt 0:01:07]} 5. Qa4+ {[%emt 0:00:47]} Bd7 {[%emt 0:00:26]} 6. Qxc4 {[%emt 0:00:50]} c5 {[%emt 0:00:22]} 7. Ne5 {[%emt 0:01:14]} Qc8 {[%emt 0:00:13]} 8. O-O {[%emt 0:01:34]} Nc6 {[%emt 0:00:35]} 9. Nxd7 {[%emt 0:00:30]} Qxd7 {[%emt 0:00:17]} 10. Qa4 {[%emt 0:00:30]} Rc8 {[%emt 0:00:31]} 11. Nc3 {[%emt 0:01:36]} b6 {[%emt 0:01:58]} 12. Qd1 {[%emt 0:19:34]} Be7 {[%emt 0:02:52]} 13. b3 {[%emt 0:00:06]} O-O {[%emt 0:00:58]} 14. d3 {[%emt 0:02:16]} Rfd8 {[%emt 0:03:08]} 15. Bb2 {[%emt 0:00:37]} Ne8 {[%emt 0:03:40]} 16. Qd2 {[%emt 0:07:04]} Bf6 {[%emt 0:01:47]} 17. Rfd1 {[%emt 0:01:43]} Nd6 {[%emt 0:05:32]} 18. e3 {[%emt 0:01:31]} b5 {[%emt 0:11:40]} 19. Rac1 {[%emt 0:03:21]} a6 {[%emt 0:06:15]} 20. Ne2 {[%emt 0:09:57]} Bxb2 {[%emt 0:05:46]} 21. Qxb2 {[%emt 0:00:06]} Qa7 {[%emt 0:01:30]} 22. Nf4 {[%emt 0:05:33]} Ne7 {[%emt 0:11:34]} 23. Nh5 {[%emt 0:00:27]} Ne8 {[%emt 0:00:33]} 24. Nf4 {[%emt 0:03:23]} Nf6 {[%emt 0:01:17]} 25. Rd2 {[%emt 0:02:54]} Ned5 {[%emt 0:04:09]} 26. Ne2 {[%emt 0:04:55]} Rc7 {[%emt 0:04:02]} 27. a3 {[%emt 0:00:42]} h6 {[%emt 0:01:19]} 28. h3 {[%emt 0:00:43]} a5 {[%emt 0:01:47]} 29. e4 {[%emt 0:06:29]} Nb6 {[%emt 0:04:58]} 30. Nc3 {[%emt 0:04:42]} Qa6 {[%emt 0:01:19]} 31. e5 {[%emt 0:02:19]} Nfd5 {[%emt 0:05:21]} 32. Ne4 {[%emt 0:00:58]} Nd7 {[%emt 0:01:05]} 33. d4 {[%emt 0:02:41]} cxd4 {[%emt 0:03:26]} 34. Rxc7 {[%emt 0:00:30]} Nxc7 {[%emt 0:00:01]} 35. Qxd4 {[%emt 0:02:37]} Nd5 {[%emt 0:00:37]} 36. Rc2 {[%emt 0:03:27]} Rc8 {[%emt 0:01:56]} 37. Rxc8+ {[%emt 0:00:30]} Qxc8 {[%emt 0:00:02]} 38. Nd6 {[%emt 0:02:13]} Qc1+ {[%emt 0:06:48]} 39. Kh2 {[%emt 0:00:01]} Qc6 {[%emt 0:00:19]} 40. Qc5 {[%emt 0:00:30]} Nxc5 {[%emt 0:00:03]} 41. Bxd5 {[%emt 0:22:04]} exd5 {[%emt 0:20:02]} 42. Nxb5 {[%emt 0:00:07]} Nxb3 {[%emt 0:00:12]} 43. Kg2 {[%emt 0:00:09]} Nd2 {[%emt 0:00:00]} 44. f4 {[%emt 0:00:00]} Kf8 {[%emt 0:00:00]} 45. Kf2 {[%emt 0:00:00]} Ne4+ {[%emt 0:00:00]} 46. Kf3 {[%emt 0:00:00]} Ke7 {[%emt 0:00:05]} 47. Nd4 {[%emt 0:00:00]} a4 {[%emt 0:01:38]} 48. f5 {[%emt 0:00:00]} Nd2+ {[%emt 0:01:21]} 49. Kf4 {[%emt 0:00:00]} Nc4 {[%emt 0:00:21]} 50. Nb5 {[%emt 0:00:00]} g5+ {[%emt 0:03:53]} 1/2-1/2

[Event "7th Washington Open 2018"]
[Site "Rockville"]
[Date "2018.08.12"]
[Round "4.8"]
[White "Vazquez, Guillermo"]
[Black "Huschenbeth, Niclas"]
[Result "1/2-1/2"]
[WhiteElo "2443"]
[BlackElo "2590"]
[Annotator "TA"]
[PlyCount "66"]
[EventDate "2018.08.11"]
[EventType "swiss"]
[EventCountry "USA"]
[SourceTitle "playchess.com"]
[Source "ChessBase"]
[SourceQuality "1"]

{[%evp 13,66,3,5,0,6,0,0,0,0,0,0,0,0,0,13,0,4,12,38,28,36,16,26,0,0,0,0,0,0,0,15,10,21,0,0,0,17,10,13,11,12,11,22,15,26,0,0,0,0,0,0,0,0,0,0]} 1. e4 c5 2. Nf3 d6 3. d4 cxd4 4. Qxd4 Nf6 5. Bg5 Nc6 (5... e6 6. Bb5+ Bd7 7. Bxf6 Qxf6 8. Qxf6 gxf6 9. Bxd7+ Nxd7 10. Nc3 Rc8 11. O-O-O Ne5 12. Nxe5 fxe5 13. Nb5 {½-½ (37) Xiong,J (2652)-Vachier Lagrave,M (2795) chess.com INT 2017}) 6. Bb5 {B53: Sizilianisch (Ungarische Variante)} Bd7 7. Qd3 e6 {LiveBook: 5 Partien} 8. c4 Ne5 $146 ({Vorgänger:} 8... a6 9. Bxc6 Bxc6 10. Nc3 Be7 11. O-O O-O 12. Rad1 Qb6 13. b3 Rfd8 14. Nd4 Rac8 {1-0 (29) Zhang,L (2094)-Song,Y (1765) Danzhou 2016}) 9. Nxe5 dxe5 10. Nc3 Bxb5 11. Qxd8+ Rxd8 12. cxb5 Bc5 13. Ke2 Ke7 14. Na4 Bd4 15. f3 Rc8 16. Rac1 Rhd8 17. Rhd1 b6 18. Bd2 Rxc1 19. Rxc1 Ne8 20. Bb4+ Kd7 $1 21. Nc3 Rc8 (21... f5 {feels hotter.} 22. Na4 Nf6 23. Rc6 fxe4 24. Rd6+ Kc7) 22. Kd3 Nd6 23. Bxd6 (23. a4 {seems wilder.} Nb7 24. Ba3 h5 25. Rc2 Bc5 26. b4) 23... Kxd6 $11 {[%mdl 4096] Endspiel KTL-KTS} 24. b3 Rd8 25. Nb1 Bc5 26. Ke2 Ke7 27. Nd2 f5 28. Rc4 Rd7 29. Nf1 h5 {Die Stellung ist ausgeglichen.} 30. Rc1 Rd4 31. Rc4 Rd7 32. Rc1 Rd4 33. Rc4 Rd7 {Precision: Weiß = 60%, Schwarz = 70%.} 1/2-1/2

[Event "7th Washington Open 2018"]
[Site "Rockville"]
[Date "2018.08.12"]
[Round "4.9"]
[White "Thavandiran, Shiyam"]
[Black "Friedel, Joshua E"]
[Result "1/2-1/2"]
[WhiteElo "2417"]
[BlackElo "2547"]
[Annotator "ChessBase"]
[PlyCount "149"]
[EventDate "2018.08.11"]
[EventType "swiss"]
[EventCountry "USA"]
[SourceTitle "playchess.com"]
[Source "ChessBase"]
[SourceQuality "1"]
[TimeControl "40/5400+30:1200+30"]

1. e4 {[%emt 0:00:00]} e5 {[%emt 0:03:48]} 2. Nf3 {[%emt 0:00:00]} Nc6 {[%emt 0:00:06]} 3. Nc3 {[%emt 0:00:00]} Nf6 {[%emt 0:00:03]} 4. Bb5 {[%emt 0:00:00]} Bb4 {[%emt 0:00:06]} 5. O-O {[%emt 0:00:00]} O-O {[%emt 0:00:04]} 6. d3 {[%emt 0:00:05]} Bxc3 {[%emt 0:00:05]} 7. bxc3 {[%emt 0:00:04]} d6 {[%emt 0:00:04]} 8. Bg5 {[%emt 0:00:24]} Bd7 {[%emt 0:00:08]} 9. Rb1 {[%emt 0:16:17]} a6 {[%emt 0:00:31]} 10. Bxc6 {[%emt 0:00:13]} Bxc6 {[%emt 0:00:08]} 11. Nd2 {[%emt 0:00:15]} h6 {[%emt 0:02:22]} 12. Bh4 {[%emt 0:07:02]} b5 {[%emt 0:14:18]} 13. Re1 {[%emt 0:06:48]} g5 {[%emt 0:04:43]} 14. Bg3 {[%emt 0:00:05]} Ne8 {[%emt 0:01:12]} 15. d4 {[%emt 0:09:04]} f6 {[%emt 0:04:03]} 16. Nf1 {[%emt 0:03:32]} Ng7 {[%emt 0:00:31]} 17. Qd3 {[%emt 0:02:47]} Qe8 {[%emt 0:02:49]} 18. f3 {[%emt 0:04:18]} Qf7 {[%emt 0:01:59]} 19. Ne3 {[%emt 0:01:09]} Rad8 {[%emt 0:03:06]} 20. a4 {[%emt 0:01:43]} Ra8 {[%emt 0:12:03]} 21. axb5 {[%emt 0:02:01]} Bxb5 {[%emt 0:03:44]} 22. c4 {[%emt 0:04:31]} Bd7 {[%emt 0:00:50]} 23. c3 {[%emt 0:05:17]} f5 {[%emt 0:08:20]} 24. exf5 {[%emt 0:04:08]} exd4 {[%emt 0:02:46]} 25. Qxd4 {[%emt 0:10:07]} Nxf5 {[%emt 0:02:26]} 26. Nxf5 {[%emt 0:02:49]} Bxf5 {[%emt 0:00:06]} 27. Ra1 {[%emt 0:00:16]} a5 {[%emt 0:09:03]} 28. c5 {[%emt 0:00:58]} Ra6 {[%emt 0:01:33]} 29. c4 {[%emt 0:02:37]} dxc5 {[%emt 0:03:08]} 30. Qxc5 {[%emt 0:00:14]} Be6 {[%emt 0:02:53]} 31. Rxa5 {[%emt 0:01:23]} Rxa5 {[%emt 0:01:05]} 32. Qxa5 {[%emt 0:00:07]} Bxc4 {[%emt 0:00:03]} 33. h4 {[%emt 0:04:14]} gxh4 {[%emt 0:03:09]} 34. Bxh4 {[%emt 0:00:14]} c6 {[%emt 0:02:29]} 35. Re7 {[%emt 0:06:54]} Qg6 {[%emt 0:03:06]} 36. Re4 {[%emt 0:01:19]} Be6 {[%emt 0:00:37]} 37. Qe5 {[%emt 0:05:22]} Bf5 {[%emt 0:04:15]} 38. Re3 {[%emt 0:01:15]} Bd7 {[%emt 0:05:58]} 39. Qd4 {[%emt 0:01:26]} Re8 {[%emt 0:00:54]} 40. Qc4+ {[%emt 0:00:27]} Qf7 {[%emt 0:00:25]} 41. Rxe8+ {[%emt 0:01:44]} Bxe8 {[%emt 0:00:36]} 42. Qg4+ {[%emt 0:03:24]} Qg6 {[%emt 0:01:22]} 43. Qd4 {[%emt 0:00:45]} Qf5 {[%emt 0:04:35]} 44. Be1 {[%emt 0:00:53]} c5 {[%emt 0:01:35]} 45. Qe3 {[%emt 0:00:11]} Qf8 {[%emt 0:01:53]} 46. Bc3 {[%emt 0:00:34]} Kh7 {[%emt 0:01:29]} 47. Bb2 {[%emt 0:01:27]} Bg6 {[%emt 0:01:36]} 48. Ba3 {[%emt 0:00:20]} Qe8 {[%emt 0:00:32]} 49. Qc3 {[%emt 0:01:01]} c4 {[%emt 0:00:43]} 50. Bb2 {[%emt 0:00:22]} Qg8 {[%emt 0:00:07]} 51. Kf2 {[%emt 0:01:05]} Bf7 {[%emt 0:01:03]} 52. Qf6 {[%emt 0:01:57]} Bg6 {[%emt 0:01:13]} 53. f4 {[%emt 0:08:56]} Bf7 {[%emt 0:02:42]} 54. g4 {[%emt 0:01:01]} Be6 {[%emt 0:01:04]} 55. f5 {[%emt 0:01:06]} Bf7 {[%emt 0:00:50]} 56. Qe5 {[%emt 0:01:53]} Qf8 {[%emt 0:00:22]} 57. Kg3 {[%emt 0:01:03]} Qg8 {[%emt 0:00:38]} 58. Kf2 {[%emt 0:00:43]} Qf8 {[%emt 0:00:05]} 59. Bd4 {[%emt 0:00:16]} Be8 {[%emt 0:01:56]} 60. Ke2 {[%emt 0:00:40]} Bf7 {[%emt 0:00:39]} 61. Kd1 {[%emt 0:00:29]} Be8 {[%emt 0:00:42]} 62. Ke2 {[%emt 0:00:54]} Bf7 {[%emt 0:00:05]} 63. Kf2 {[%emt 0:00:32]} Be8 {[%emt 0:00:43]} 64. Kg3 {[%emt 0:00:40]} Bf7 {[%emt 0:00:19]} 65. Qf6 {[%emt 0:00:19]} Qg8 {[%emt 0:00:24]} 66. Kf4 {[%emt 0:00:39]} Qb8+ {[%emt 0:00:22]} 67. Be5 {[%emt 0:00:08]} Qg8 {[%emt 0:00:23]} 68. Qh4 {[%emt 0:00:51]} c3 {[%emt 0:01:41]} 69. Bxc3 {[%emt 0:00:29]} Qb8+ {[%emt 0:00:16]} 70. Ke3 {[%emt 0:00:24]} Qb6+ {[%emt 0:00:35]} 71. Bd4 {[%emt 0:00:30]} Qb3+ {[%emt 0:00:04]} 72. Kf4 {[%emt 0:00:19]} Qb8+ {[%emt 0:00:13]} 73. Ke3 {[%emt 0:00:14]} Qb3+ {[%emt 0:00:05]} 74. Kf4 {[%emt 0:00:25]} Qb8+ {[%emt 0:00:07]} 75. Ke4 {[%emt 0:00:30]} 1/2-1/2

[Event "7th Washington Open 2018"]
[Site "Rockville"]
[Date "2018.08.13"]
[Round "5.1"]
[White "Checa, Nicolas D"]
[Black "Gabuzyan, Hovhannes"]
[Result "1/2-1/2"]
[WhiteElo "2478"]
[BlackElo "2556"]
[Annotator "TA"]
[PlyCount "61"]
[EventDate "2018.08.11"]
[EventType "swiss"]
[EventCountry "USA"]
[SourceTitle "playchess.com"]
[Source "ChessBase"]
[SourceQuality "1"]

{[%evp 12,61,29,15,64,53,64,42,52,66,58,52,78,75,87,69,69,69,69,60,75,65,59,66,94,58,109,111,95,71,76,72,312,129,131,13,9,12,15,12,10,0,0,0,0,0,0,0,0,0,0,0]} 1. d4 Nf6 2. c4 e6 3. Nf3 b6 4. g3 Bb7 5. Bg2 g6 6. Nc3 {E16: Queen's Indian: 4 g3 Bb7 5 Bg2 Bb4+} (6. O-O Bg7 7. Nc3 Ne4 8. Nxe4 Bxe4 9. Ne5 Bxg2 10. Kxg2 c5 11. Be3 Bxe5 12. dxe5 Qc7 13. Bd2 Nc6 14. Bc3 O-O-O 15. f4 h5 16. e3 g5 {0-1 (39) Fedoseev,V (2731)-Rodshtein,M (2695) Tbilisi 2017}) 6... Bg7 7. Qc2 {LiveBook: 5 Games} c5 $146 ({Predecessor:} 7... O-O 8. O-O a6 9. e4 d5 10. cxd5 exd5 11. e5 Ne4 12. Nxe4 dxe4 {1-0 (54) Yang,K (2430)-Gajic,M (2362) Novi Sad 2018}) 8. dxc5 {White is slightly better.} bxc5 9. O-O Nc6 10. Bf4 O-O 11. Bd6 Ne7 12. Rfd1 Rc8 13. Qa4 Ne4 14. Nxe4 Bxe4 15. Nd2 Bxg2 16. Kxg2 Re8 17. Ne4 $36 {[%mdl 2048] White has good play.} Nf5 18. Qxa7 Bxb2 (18... Ra8 $14 19. Qb7 (19. Qxc5 Ra4 $14) 19... Qc8 20. Qxc8 Rexc8) 19. Rab1 $16 Bg7 20. Rb7 ({But not} 20. Nxc5 $6 Nxd6 21. Rxd6 Bf8 $11) 20... Ra8 21. Qxc5 Rxa2 $2 {[#]} (21... Ra5 $16 22. Qc7 Rxa2) 22. Qb5 (22. Rb8 $18 {is the precise move to win.} Qxb8 23. Bxb8 Rxb8 24. g4) 22... Rb2 23. Qxd7 ({White has to play} 23. Bb4 $16 d6 24. Nxd6) 23... Qxd7 $11 {The position is equal.} 24. Rxd7 {And now Ba3 would win.} Rxe2 25. Kf3 Rc2 26. Bc5 {[#] Strongly threatening Rd8.} h6 $1 27. Rd8 Rxd8 28. Rxd8+ Kh7 29. Rd7 Kg8 30. Rd8+ Kh7 31. Rd7 {Precision: White = 53%, Black = 50%.} 1/2-1/2

[Event "7th Washington Open 2018"]
[Site "Rockville"]
[Date "2018.08.13"]
[Round "5.2"]
[White "Sevian, Samuel"]
[Black "Postny, Evgeny"]
[Result "0-1"]
[WhiteElo "2645"]
[BlackElo "2586"]
[Annotator "TA"]
[PlyCount "114"]
[EventDate "2018.08.11"]
[EventType "swiss"]
[EventCountry "USA"]
[SourceTitle "playchess.com"]
[Source "ChessBase"]
[SourceQuality "1"]

{[%evp 26,114,35,39,50,41,54,-17,-2,-11,-1,-5,0,-30,-23,-33,-32,-54,-4,-12,-9,-13,-10,-22,0,-17,0,-93,-52,-60,-60,-58,-46,-164,-133,-166,-44,-42,10,23,4,40,544,543,514,-32,-32,-329,-311,-319,-279,-332,-350,-325,-291,-462,-418,-835,-829,-941,-929,-922,-883,-831,-790,-12826,-683,-12834,-12825,-12835,-8536,-5375,-5189,-5191,-4134,-29977,-29977,-29977,-29975,-29981,-29982,-29985,-29986,-29986,-29987,-29991,-29986,-29987,-29988,-29988,-29989]} 1. e4 {Dragun/Macieja} e5 2. Nf3 Nc6 3. Bb5 a6 4. Ba4 Nf6 5. O-O Be7 6. Re1 b5 7. Bb3 d6 8. c3 {[%cal Bc2c3,Bc3c4][%mdl 32]} O-O 9. h3 Nb8 10. d4 Nbd7 11. c4 c6 12. Qc2 {C95: Closed Ruy Lopez: Breyer Variation with 10 d4} Bb7 13. Nc3 exd4 14. Nxd4 {[#] LiveBook: 4 Games. White is slightly better.} Ne5 $146 ({Predecessor:} 14... b4 15. Na4 c5 16. Nf5 Re8 17. Bf4 Bf8 18. f3 Ne5 19. Rad1 Qc7 {1-0 (76) Shirov,A (2665)-Dragun,K (2665) Czech Republic 2016 CBM 176 [Dragun/Macieja]}) 15. cxb5 axb5 16. f4 (16. Nf5 $14) 16... Nc4 17. Bxc4 bxc4 18. Nf5 Re8 19. Be3 Bf8 20. Rad1 d5 {[%cal Rf6e4]} 21. exd5 cxd5 (21... Nxd5 {keeps more tension.} 22. a3 g6 23. Nxd5 cxd5 24. Nd4 Qb6) 22. Bd4 Rxe1+ 23. Rxe1 Ra6 {[%cal Ba8a6,Ba6e6,Be6e4][%mdl 32]} 24. Rd1 Re6 25. Ne3 Ne4 26. Ng4 (26. f5 $11 {keeps the balance.} Re8 27. Qa4) 26... Qc7 27. Be5 Qb6+ 28. Kh2 Nxc3 29. Bxc3 (29. bxc3 $15 Qc6 30. Bd4) 29... Re4 30. Be5 f6 (30... Bc5 $19 31. b4 cxb3 32. axb3 f6) 31. Nf2 $15 fxe5 (31... Rxe5 $15 32. fxe5 fxe5) 32. Nxe4 $11 Qg6 $36 {[%mdl 2048] Black is more active.} ({Not} 32... dxe4 $2 33. Qxc4+ Kh8 34. Qf7 $18) 33. fxe5 {Hoping for Qe2.} Qxe4 $4 {[%mdl 8192]} ({Better is} 33... Bc6 $1 $14) 34. Qxe4 $18 dxe4 35. Kg3 $2 (35. Rd8 $18 {Intending e6 and mate.} Kf7 36. Rd7+ Ke6 37. Rxb7) 35... Bc6 $15 {...e3 is the strong threat.} 36. e6 $2 {[%mdl 8192] [#]} ({White should play} 36. Rd8 $1 $15 g5 37. Rc8) 36... Be7 $1 $19 37. Kf4 Kf8 38. Rc1 Bd6+ 39. Ke3 Bc5+ 40. Kf4 (40. Kd2 $142 e3+ 41. Kc3) 40... e3 41. Rxc4 (41. Re1 $142) 41... e2 42. Rxc5 e1=Q {[#] ( -> ...Qe4+)} 43. Rxc6 {[%mdl 4096] Endgame KQ-KR} Qf2+ 44. Ke5 Qxb2+ 45. Kd6 Qd4+ 46. Kc7 Ke7 47. Ra6 Qc5+ 48. Kb7 Qd5+ 49. Kc7 Qxg2 50. a4 Qxh3 {Black mates.} 51. a5 Qc3+ 52. Kb8 Qb4+ 53. Ka8 h5 54. Ra7+ Kxe6 55. a6 Qb5 56. Rxg7 Qxa6+ 57. Kb8 Qd6+ {Precision: White = 29%, Black = 56%.} 0-1

[Event "7th Washington Open 2018"]
[Site "Rockville"]
[Date "2018.08.13"]
[Round "5.3"]
[White "Baryshpolets, Andrey"]
[Black "Popilski, Gil"]
[Result "1-0"]
[WhiteElo "2609"]
[BlackElo "2491"]
[Annotator "TA"]
[PlyCount "65"]
[EventDate "2018.08.11"]
[EventType "swiss"]
[EventCountry "USA"]
[SourceTitle "playchess.com"]
[Source "ChessBase"]
[SourceQuality "1"]

{[%evp 20,65,63,47,75,79,100,86,87,79,75,78,125,118,122,120,136,135,130,127,133,133,133,134,192,179,237,225,246,240,392,392,392,383,339,339,339,339,366,339,339,339,338,338,385,385,366,352]} 1. d4 Nf6 2. c4 e6 3. Nf3 Bb4+ 4. Nbd2 d5 5. Qa4+ Nc6 6. a3 Bxd2+ 7. Bxd2 Ne4 8. e3 Bd7 9. Qc2 O-O 10. Bd3 {E11: Bogo-Indian} Nxd2 11. Nxd2 {LiveBook: 3 Games} (11. Bxh7+ Kh8 $17) 11... Qh4 $146 ({Predecessor:} 11... h6 12. O-O Ne7 13. Rac1 dxc4 14. Bxc4 Rc8 15. Ba2 Bc6 16. Rfd1 b6 17. Nc4 Bd5 {1-0 (47) Mchedlishvili,M (2635)-Malakhatko,V (2531) Al Ain 2015}) 12. O-O {White is better.} Rad8 13. b4 a6 14. Rab1 dxc4 15. Nxc4 e5 16. Nxe5 ({Resist} 16. dxe5 $6 b5 $14) 16... Nxe5 17. dxe5 Ba4 18. Bxh7+ Qxh7 19. Qxa4 Qe4 20. Qa5 Rd7 21. Rbc1 Rc8 (21... c6 $16 22. Rcd1 Re7) 22. h3 $18 Re7 (22... Qf5 $142 23. Rfd1 Rcd8) 23. Rfd1 Rxe5 24. Rxc7 Rxa5 $2 {[#]} (24... Rxc7 25. Qxc7 Rd5) 25. Rxc8+ Kh7 26. bxa5 {[%mdl 4096] Endgame KQ-KRR} Qa4 27. Rd5 Qxa3 28. Rc7 Qa2 29. Rd1 Qa4 30. Rb1 Qxa5 31. Rcxb7 ({Don't do} 31. Rbxb7 Qe1+ 32. Kh2 Qxf2 $18) ({Not} 31. Rxf7 b5 $18) 31... Qd5 32. R7b2 Qa5 33. Rd1 {Precision: White = 82%, Black = 58%.} 1-0

[Event "7th Washington Open 2018"]
[Site "Rockville"]
[Date "2018.08.13"]
[Round "5.4"]
[White "Stukopin, Andrey"]
[Black "Tang, Andrew"]
[Result "1/2-1/2"]
[WhiteElo "2598"]
[BlackElo "2490"]
[Annotator "TA"]
[PlyCount "79"]
[EventDate "2018.08.11"]
[EventType "swiss"]
[EventCountry "USA"]
[SourceTitle "playchess.com"]
[Source "ChessBase"]
[SourceQuality "1"]

{[%evp 15,79,12,14,7,1,-34,0,-11,25,0,0,-1,-9,-14,-13,-7,-7,-7,-17,0,0,-4,0,0,0,0,0,-21,-11,-11,-9,-26,-18,-21,0,-5,16,13,28,21,20,25,51,51,51,51,56,52,53,52,52,44,51,51,67,44,44,44,44,44,44,44,44,44,99,44]} 1. e4 e5 2. Bc4 Nf6 3. d3 Bc5 4. Nf3 Nc6 5. O-O a6 6. c3 Ba7 7. a4 {C54: Italienische Partie (Hauptvariante)} d6 8. a5 (8. Na3 O-O 9. Bg5 Be6 10. Re1 Kh8 11. b4 Ne7 12. d4 Ng6 13. dxe5 Nxe5 14. Nxe5 dxe5 15. Bxe6 fxe6 {0-1 (70) Yu,Y (2762)-Bu,X (2712) Danzhou 2018}) 8... O-O {LiveBook: 5 Partien} 9. Bg5 {Die Stellung ist ausgeglichen.} h6 $146 ({Vorgänger:} 9... Kh8 10. Kh1 h6 11. Bh4 g5 12. Nxg5 hxg5 13. Bxg5 Rg8 14. Qc1 {1-0 (38) Armanda,I (2340)-Rogic,D (2505) Zadar 2007}) 10. Bh4 g5 11. Bg3 (11. Nxg5 $5 hxg5 12. Bxg5 $11) 11... Bg4 12. Nbd2 {[%cal Bb1d2,Bd2f1,Bf1e3][%mdl 32]} Nh5 13. Re1 Qf6 14. Nf1 Ne7 15. Ne3 Bxf3 16. Qxf3 Qxf3 17. gxf3 Kg7 18. Rad1 f5 19. exf5 Nxf5 20. d4 {[#] Sxf5+ ist eine echte Drohung.} Nxe3 21. Rxe3 Rae8 22. Rde1 c6 23. Bb3 Re7 24. Kg2 Rfe8 25. R3e2 {[%cal Rd4e5]} Kf8 (25... Bb8 {with more complications.} 26. dxe5 dxe5 27. h4 Bc7 28. hxg5 hxg5 29. Bc2 Kf6) 26. dxe5 Nxg3 (26... Bb8 {feels hotter.} 27. Bc2 Kg7 28. h4 Nxg3 29. fxg3 gxh4 30. g4 Bc7) 27. fxg3 Rxe5 28. Rxe5 Rxe5 29. Rxe5 dxe5 $11 {[%mdl 4096] Endspiel KL-KL} 30. Be6 Be3 31. Bc8 Bc1 32. b3 Bd2 33. c4 Bxa5 34. Bxb7 c5 35. Bxa6 h5 36. Kf2 h4 37. Ke3 Ke7 38. Ke4 hxg3 39. hxg3 Kf6 ({Günstiger ist} 39... Kd6 $14) 40. g4 {Precision: Weiß = 70%, Schwarz = 67%.} (40. Kd5 $16) 1/2-1/2